Score 0/12 Timer 01:00
2 Plays Today
Clue 5-Letter Word % Correct
Table-side seatCHAIR
93.4%
Cereal utensilSPOON
84.9%
Thread holderSPOOL
75.5%
Item on a to-do listCHORE
74.7%
Bar seatSTOOL
71.5%
Land along the waterSHORE
70.1%
Faint, perhapsSWOON
69.1%
Having taken an oathSWORN
67.7%
Three or more musical notes sounded simultaneouslyCHORD
60.4%
Having maintained facial hairSHORN
53.8%
Beta vulgaris, informallyCHARD
38.9%
A cold-water relative of the troutCHARR
27.7%

Today's Daily Dose

Remove Ads.
Support Sporcle.
Get the best of Sporcle when you Go Orange. This ad-free experience offers more features, more stats, and more fun while also helping to support Sporcle. Thank you for becoming a member.

You're not logged in!

Compare scores with friends on all Sporcle quizzes.
OR
Log In

Show Comments

Extras

Top Quizzes Today


Score Distribution

Your Account Isn't Verified!

In order to create a playlist on Sporcle, you need to verify the email address you used during registration. Go to your Sporcle Settings to finish the process.

Report this User

Report this user for behavior that violates our Community Guidelines.

Details: